000 00492nam a2200169 i 4500
001 146787
003 ES-MaACL
005 20230906201654.0
007 t|
008 070917s1965 sp ||||1| spa d
100 1 _aTrinquier, Roger.
_9111453
245 1 3 _aLa guerra moderna y la lucha contra las guerrillas /
_cRoger Trinquier.
260 _aBarcelona :
_bHerder,
_c1965.
300 _a187 p. ;
_c20 cm.
852 _aES-MaACL
_jC-27148
_bR.56314
852 _aES-MaACL
_jA-10642
_bR.99965
999 _c146787
_d146787